• 首页
  • 本馆介绍
  • 公告通知
  • 最新文献
  • 馆藏检索
  • 电子资源
  • 读者导购
  • 参考咨询
  • 我的图书馆
  • 登录
  • 详细信息显示
  • 放入我的书架
  • 预约/预借图书
  • 作者相关作品
  • 分类相关作品
  • 丛书相关作品
  • 出版社相关作品

书目信息

  • 表格格式
  • 工作单格式
  • 卡片格式
题名:
食品化学与营养学
    
 
作者: 亥克尔 著 ;牛胜田 译
分册:  
出版信息: 北京   人民卫生出版社  1985.8
页数: 297页
开本: 19cm
丛书名:
单 册:
中图分类: R15
科图分类:
主题词: 营养卫生 , 食品卫生 , 饮食卫生 , 食品卫生学
电子资源:
ISBN:
000 00674nam0 2200229 45
001 0181012990
005 20060420085005.29
010    @dCNY1.80
100    @a20810111d km y0chiy0120 ea
101 0  @achi
200 1  @a食品化学与营养学@Ashi ping hua xue yu ying yang xue@f(德意志民主共和国)W·亥克尔等著@F(de yi zhi min zhu gong he guo)W·hai ke er deng zhu@g牛胜田译
210    @a北京@c人民卫生出版社@d1985.8
215    @a297页@d19cm
606 0  @a营养卫生
606 0  @a食品卫生
606 0  @a饮食卫生
606 0  @a食品卫生学
690    @aR15
701 0  @a亥克尔@Ahai ke er@4著
702 0  @a牛胜田@4译
801    @aCN@bTSTC@c20060420
905    @dR15@e12@f2@b138871-72
    
    食品化学与营养学/(德意志民主共和国)W·亥克尔等著/牛胜田译.-北京:人民卫生出版社,1985.8
    297页;19cm
    
    
    ISBN :CNY1.80
    
●
相关链接 在E读中查询图书 在五车中查询图书 在当当中查询图书 在豆瓣中查询图书


正题名:食品化学与营养学     索取号:R15/12         预约/预借

序号 登录号 条形码 馆藏地/架位号 状态 备注
1 0138871   202254425   密集书库/ [索取号:R15/12] 在馆    
2 0188872   000707364   第二样本阅览室/ [索取号:R15/12] 在馆    
唐山师范学院图书馆 欢迎您!
大连网信软件有限公司© 版权所有